Kluby w Ekstraklasie w sezonie 2024/2025 - Statystyki

Ogólne statystyki
  • Ten quiz został rozwiązany 22 razy
  • Średni wynik to 15 z 18
Statystyki odpowiedzi
KLUBY % Poprawnych
Lech Poznań
100%
Legia Warszawa
100%
GKS Katowice
95%
Jagiellonia Białystok
95%
Lechia Gdańsk
95%
Raków Częstochowa
95%
Śląsk Wrocław
95%
Korona Kielce
90%
Pogoń Szczecin
90%
Puszcza Niepołomice
90%
Cracovia
86%
Górnik Zabrze
86%
Motor Lublin
86%
Stal Mielec
81%
Radomiak Radom
67%
Widzew Łódż
67%
Piast Gliwice
62%
Zagłębie Lublin
57%
Nie znaleziono quizów pasujących do podanych kryteriów
Rozkład punktacji
Procent ludzi z każdym wynikiem
Percentyl według liczby udzielonych odpowiedzi
Twoja historia wyników
Nie rozwiązałeś tego quizu